| 000 | 00896cpcaa2200241 a 4500 | ||
|---|---|---|---|
| 001 | mm 79004880 | ||
| 003 | DLC | ||
| 005 | 20260227111648.0 | ||
| 008 | 790601|||||||||||| eng | ||
| 010 | _amm 79004880 | ||
| 040 |
_aDLC _cDLC _edacs _dDLC |
||
| 072 | 7 |
_aW _2lcmd |
|
| 245 | 0 | 0 |
_aGettysburg address collection, _f1863-1928. |
| 300 |
_a5 _fitems. |
||
| 506 | 0 | _aOpen to research. | |
| 533 |
_aPositive photocopy, typewritten transcripts, and facsimile. _b[S.l.]. |
||
| 546 | _aCollection material in English. | ||
| 580 | _aForms part of: Miscellaneous Manuscripts collection. | ||
| 600 | 1 | 0 |
_aLincoln, Abraham, _d1809-1865. _tGettysburg address. |
| 651 | 0 |
_aUnited States _xHistory _yCivil War, 1861-1865. |
|
| 999 |
_c41677 _d41677 |
||